000 00792nas a2200253 4500
001 BR0702862
003 BR-BrBNA
005 20231205110829.0
007 ta
008 230509b bl.|||p| |||| 00| 00por d
040 _aBR-BrBNA
_bpor
_cBiblioteca Nacional de Agricultura
041 _a(Pt)
072 _aE71
100 1 _aGramacho, A.
245 1 _aAs exportações do setor agropecuário em 1992
650 _aEXPORTAÇÃO
650 _aSETOR AGRÍCOLA
650 _aPOLÍTICA COMERCIAL
650 _aPRODUTO INTERNO BRUTO
773 0 _tRevista de Política Agrícola (Brazil)
_xISSN 1413-4969
_g(1993), v. 2(2) p. 14-16
_wBR0702862
856 4 _uRev_Pol_Agr_v2_n2-1993.pdf#page=15
_yRecurso eletrônico (PDF)
909 _a202311
_bLúcia
_c55
_dLúcia Elande
942 _2AGRIS
_n0
_cANA
999 _c189308
_d189308